| 000 | 00885nam a22002297a 4500 | ||
|---|---|---|---|
| 999 |
_c20646 _d20646 |
||
| 003 | AR-CdUCM | ||
| 008 | 190601b ||||| |||| 00| 0 spa d | ||
| 040 |
_aMUNICIPALIDAD PROVINCIAL DEL CUSCO _cBIBLIOTECA MUNICIPAL DEL CUSCO |
||
| 082 |
_a781.3 / _b I91 |
||
| 100 |
_aIturriaga Romero, Enrique _943151 |
||
| 245 | _aMétodo de composición melódica / | ||
| 260 |
_aLima : _bUniversidad Nacional Mayor de San Marcos, _c1988. |
||
| 300 |
_a242 páginas; _c21 cm. _bmúsica. |
||
| 505 | _aContenido: Primeras experiencias con la duración de los sonido -- Análisis de algunas estructuras rítmicas -- Ampliación del campo rítmico... | ||
| 650 |
_aComposición _919519 |
||
| 650 |
_aMusical _95781 |
||
| 650 |
_aInstrucción _929504 |
||
| 650 |
_aEstudio _94228 |
||
| 710 |
_aUniversidad Nacional Mayor de San Marcos (Lima) _99962 |
||
| 942 |
_2ddc _cLIBROS |
||
| 945 | _aJavier | ||